00312nam a2200121Ia 4500008004100000041000800041082001400049100001500063245004500078260003100123300003100154365000500185240624s9999 xx 000 0 und d aeng a519.8 GIL aGILAT AMOS aMATLAB AN INTRODUCTION WITH APPLICATIONS c2004aSingaporbJohn Wiley avii, : 296 : p. : cm. ; 26 c